LOW INTENSITY OPERATIONS SUBVERSION INSURGENCY PEACE KEEPING (Record no. 582276)

000 -LEADER
fixed length control field 00258nam a22000977a 4500
082 ## - DEWEY DECIMAL CLASSIFICATION NUMBER
Classification number 355 KIT'L
100 ## - MAIN ENTRY--PERSONAL NAME
Personal name KITSON, FRANK
9 (RLIN) 37927
245 ## - TITLE STATEMENT
Title LOW INTENSITY OPERATIONS SUBVERSION INSURGENCY PEACE KEEPING
260 ## - PUBLICATION, DISTRIBUTION, ETC.
Place of publication, distribution, etc. 208P
Name of publisher, distributor, etc. FABER & FABER
Date of publication, distribution, etc. 1971
942 ## - ADDED ENTRY ELEMENTS (KOHA)
Koha item type Book
Holdings
Withdrawn status Lost status Damaged status Not for loan Permanent Location Current Location Shelving location Date acquired Total Checkouts Full call number Barcode Date last seen Price effective from Koha item type
        College of Electrical & Mechanical Engineering (CEME) College of Electrical & Mechanical Engineering (CEME) General Stacks 06/02/2017   355 KIT'L CEME-10765 06/28/2021 06/28/2021 Book
© 2023 Central Library, National University of Sciences and Technology. All Rights Reserved.